O poznání cěsty pravé k spasení, čili, Dcerka /

Hlavní autor: Hus, Jan, asi 1371-1415
Další autoři: Císařová-Kolářová, Anna, 1887-1963, Bílek, František, 1872-1941
Jazyk: Čeština
Vydáno: Praha : Reichl, 1927
Edice: Špalíček (Karel Reichl)
Témata:
Fyzický popis: 124 s. ; 13 cm
Knihy
Uloženo v:
LEADER 01135nam a22003012a 4500
001 001730826
003 CZ BrMZK
005 20200604114625.0
007 ta
008 200218s1927 xr er|||||||||||cze d
015 |a cnb000931460 
035 |a (OCoLC)70321860 
040 |a BOA001  |b cze  |e aacr2 
100 1 |a Hus, Jan,  |d asi 1371-1415  |7 jk01043287  |4 aut 
245 1 0 |a O poznání cěsty pravé k spasení, čili, Dcerka /  |c Jan Hus ; [k tisku upravila a poznámkami opatřila Anna Kolářová-Císařová ; kresba a vazba František Bílek 
246 1 3 |a Dcerka 
260 |a Praha :  |b Reichl,  |c 1927 
300 |a 124 s. ;  |c 13 cm 
490 1 |a Špalíček ;  |v 2 
500 |a Prvních 100 číslovaných výtisků na imitaci japanu 
655 7 |a bibliofilie  |7 fd131893  |2 czenas 
700 1 |a Císařová-Kolářová, Anna,  |d 1887-1963  |7 jk01061296  |4 edt 
700 1 |a Bílek, František,  |d 1872-1941  |7 jk01012048  |4 wde  |4 bnd 
830 0 |a Špalíček (Karel Reichl)  |0 s 
910 |a BOA001  |b OB1-0113.731,2 
990 |a BK 
991 |b 202002 
996 6 |b 2618828823  |c OB1-0113.731,2  |l MZK  |r Sklad / do 24 hodin  |n 1  |w 001782639  |u 000010  |a 1  |e BOA001  |j MZK50  |s P